|
|
|
|
| LEADER |
01977nam a2200541 a 4500 |
| 001 |
nkc20071718094 |
| 003 |
CZ PrNK |
| 005 |
20070910103247.0 |
| 007 |
ta |
| 008 |
070629s2007 xr a e 000 0 ger |
| 015 |
|
|
|a cnb001718094
|
| 020 |
|
|
|a 978-80-246-1345-1
|q (brož.)
|
| 035 |
|
|
|a (OCoLC)187296081
|
| 040 |
|
|
|a ABA001
|b cze
|
| 041 |
1 |
|
|a ger
|h cze
|
| 043 |
|
|
|a e-xr---
|b e-xr-pg
|2 czenas
|
| 072 |
|
7 |
|a 72
|x Architektura
|2 Konspekt
|9 21
|
| 080 |
|
|
|a 72:904
|2 MRF
|
| 080 |
|
|
|a 72.035.93
|2 MRF
|
| 080 |
|
|
|a 7.035.93
|2 MRF
|
| 080 |
|
|
|a (437.311)
|2 MRF
|
| 080 |
|
|
|a (084.12)
|2 MRF
|
| 100 |
1 |
|
|a Wittlich, Petr,
|d 1932-
|7 jk01151737
|4 aut
|
| 245 |
1 |
0 |
|a Prag im Jugendstil :
|b ein Stil in seinen Formen /
|c Text Petr Wittlich ; Fotos Jan Malý
|
| 250 |
|
|
|a Deutsche 1. Ausg.
|
| 260 |
|
|
|a Prag :
|b Karolinum,
|c 2007
|
| 300 |
|
|
|a 135 s. :
|b barev. il. ;
|c 26 cm
|
| 500 |
|
|
|a Přeloženo z češtiny
|
| 504 |
|
|
|a Obsahuje bibliografii
|
| 550 |
|
|
|a Vydavatel: Univerzita Karlova
|
| 650 |
0 |
7 |
|a architektonické památky
|7 ph118585
|z Česko
|2 czenas
|
| 650 |
0 |
7 |
|a secesní architektura
|7 ph237432
|z Česko
|2 czenas
|
| 650 |
0 |
7 |
|a secesní umění
|7 ph237433
|z Česko
|2 czenas
|
| 650 |
0 |
9 |
|a architectural monuments
|z Czechia
|2 eczenas
|
| 650 |
0 |
9 |
|a Art nouveau (architecture)
|z Czechia
|2 eczenas
|
| 650 |
0 |
9 |
|a Art nouveau
|z Czechia
|2 eczenas
|
| 651 |
|
7 |
|a Praha (Česko)
|7 ge118011
|2 czenas
|
| 651 |
|
9 |
|a Prague (Czechia)
|2 eczenas
|
| 655 |
|
7 |
|a fotografické publikace
|7 fd132276
|2 czenas
|
| 655 |
|
9 |
|a photographical works
|2 eczenas
|
| 700 |
1 |
|
|a Malý, Jan,
|d 1954-2017
|7 jo20000082695
|4 pht
|
| 710 |
2 |
|
|a Univerzita Karlova
|7 kn20010710036
|
| 856 |
4 |
1 |
|u http://www.digitalniknihovna.cz/mzk/uuid/uuid:64ed3930-00e1-11e8-b1a1-005056827e52
|y Digitalizovaný dokument
|x NDK
|
| 910 |
2 |
|
|a BOA001
|b 3-1182.921
|
| 990 |
|
|
|a BK
|
| 995 |
|
|
|a 01
|
| 991 |
|
|
|b 200707
|c NOV
|
| 996 |
6 |
|
|b 2610315993
|c 3-1182.921
|l MZK
|r Sklad / do 1 hodiny
|n 0
|p p.v.
|w 000857595
|u 000010
|a 1
|e BOA001
|j MZK50
|s P
|